000 00272nam a22001337a 4500
008 171023b xxu||||| |||| 00| 0 eng d
020 _a094335872
041 _aeng
080 _a311
100 _a55
101 _aSTA
245 _aSTATISTICS
_cLEVY.H
942 _2udc
_cBK
999 _c35485
_d35485